000 01700nam a2200289Ia 4500
001 F8235
003 IT-RoPAU
008 130308s9999 xx 000 0 und d
040 _aIT-RoPAU
040 _cIT-RoPAU
041 _aITALIANO
100 _aCruciani Fabrizio
100 _gCodice Aut. SPICS: 7672
245 _aRegisti pedagoghi e comunità teatrali nel Novecento (E scritti inediti)
245 _bRegisti Pedagoghi e Comunita' teatrali nel Novecento (E scritti Inediti)
250 _a1a ed.
260 _aROMA
260 _bEditori & Associati
260 _c1995 [1° Ed.:1995 - Ed.Ling.Originale:1995]
300 _a"282 p. (prefazione: no ; testo: 282 [pagine: 0-0])"
500 _aL'Autore Individua Il Filo Principale del Teatro del Novecento Nei protagonisti del Rifiuto: Coloro Che, Minoritari, Marginali o Quasi Invisibili Perle cronache Teatrali, in Realtà Hanno Fatto la Storia del Teatro Contemporaneo. Introduzione per immagini dal Teatro del Nostro Passato: buco nel Sipario. padri fondatori e Teatro del Novecento. Teatro Pedagogia del Novecento. Teatri di Disturbo e Teatri di Liturgia. Alla Ricerca di un Attore Non Progettato. Sulla Scienza di Stanislavskij. Teatro Creativo, Kerzencev e Teatro Rivoluzionario della Russia Sovietica. scena di Weimar tra Teatro Politico e Teatro di Rivoluzione. Pubblico Come Popolo in Francia. guardare Teatro: Aporie del Critico nel Teatro del Novecento. in Theatrum Oratio. Due Inediti: guardando Il Lavoro dell'Attore, Scappare dal Centro: Storia di copeau (Conferenza a Malta Il 7 maggio 1992).
650 _aTEORICHE TEATRALI
650 _eCodice materia Spics: 8405
942 _cBK
957 _71
999 _c95094
_d95094
999 _g1